| 000 | 00745nam a2200229 a 4500 | ||
|---|---|---|---|
| 005 | 20230419063652.0 | ||
| 008 | 991125s1992 es 000 0 spa u | ||
| 020 | _a8432994383 | ||
| 035 | _aUPN01000000665 | ||
| 049 | _aCG | ||
| 050 | 4 |
_aLB1167 _bC6.2 |
|
| 100 | 1 | _aCoral, Josep | |
| 245 | 1 | 0 |
_aActividades psicomotrices en la educación infantil / _cJosep Coral, Agusti Masegosa, Antonia Mostazo. |
| 260 |
_aBarcelona [Esp.] : _bCEAC, _c1992. |
||
| 300 |
_a126 p. : _bil. |
||
| 440 | 0 |
_aEducación y enseñanza. _pEducación infantil |
|
| 650 | 7 |
_aEducación psicomotriz _2 _95394 |
|
| 650 | 2 |
_aJuego - _xEstudio y enseñanza (preescolar) _92995 |
|
| 700 | 1 |
_aMasegosa, Agusti, _ecoaut. |
|
| 700 | 1 |
_aMostazo, Antonia, _ecoaut. |
|
| 905 | _aLibro | ||
| 999 |
_c665 _d665 |
||